| 000 | 00373nam a2200145Ia 4500 | ||
|---|---|---|---|
| 008 | 191201s2004 xx 000 0 und d | ||
| 082 |
_a677.39 _bWOA |
||
| 100 | _aWOODHOUSE, Thomas | ||
| 245 | 0 | _aArtificial Silk it's Manufacture and Uses | |
| 250 | _a1st | ||
| 260 |
_aChandigarh _bAbhishek Publications _c2004 |
||
| 300 | _a137 | ||
| 650 | _aB.Tech(TE) | ||
| 942 |
_2ddc _cBK |
||
| 999 |
_c2547 _d2547 |
||